| 000 | 01356cam a2200229 4500 | ||
|---|---|---|---|
| 008 | 030528n2004 000 0 eng u | ||
| 020 | _a1842191500 | ||
| 035 | _a(Sirsi) u122695 | ||
| 041 | 0 | _aeng | |
| 050 | 0 | 4 | _a336.21 $2 18 |
| 110 | 2 |
_aRoyal Institution of Chartered Surveyors _94900 |
|
| 245 | 0 | 0 | _aRating consultancy code of practice |
| 260 |
_aLondon _bRICS _c2004 |
||
| 300 |
_aiv, 18p. _c30cm. |
||
| 490 | _aRICS Code of Practice | ||
| 520 | _aThe "Rating consultancy code of practice" has been produced jointly by RICS, the Institute of Revenues Rating and Valuation and the Rating Surveyors Association. This code will be mandatory for RICS members offering services relating to business rates from 1 April 2004. Includes a downloadable information sheet for ratepayers. This document contains important information and must be provided as part of the written confirmation of the terms of engagement for rating consultancy advice. There are two separate information sheets: one for Scotland and one for England and Wales. It is supported by the Office of Fair Trading and the Valuation Office Agency. | ||
| 520 | _aSuperseeded by second edition (ISBN 1842192396) | ||
| 690 | _aPROPERTY-PROPERTY TAXATION | ||
| 710 | 2 |
_aInstitute of Revenues, Rating and Valuation _92992 |
|
| 710 | 2 |
_aRating Surveyors' Association _92328 |
|
| 942 | _n0 | ||
| 999 |
_c102908 _d102908 |
||